[Event "World Amateur-ch"]
[Site "Iasi"]
[Date "2013.04.30"]
[Round "9"]
[White "Martian, Fanase"]
[Black "Cenusa, Mihai"]
[Result "1-0"]
[WhiteElo "1951"]
[BlackElo "1760"]
[PlyCount "116"]
[EventDate "2013.04.22"]
[EventType "swiss"]
[EventRounds "9"]
[EventCountry "ROU"]
[SourceTitle "CBM 154 Extra"]
[Source "ChessBase"]
[SourceDate "2013.06.25"]
[SourceVersion "2"]
[SourceVersionDate "2013.06.25"]
[SourceQuality "1"]

1. e4 e6 2. d4 d5 3. Nd2 g6 4. c3 Bg7 5. Bd3 Ne7 6. e5 b6 7. Ne2 0-0 8. f4 c5 9. 0-0 Nbc6 10. a3 Kh8 11. Nf3 Nf5 12. Qe1 Nce7 13. Bd2 Qc7 14. Rc1 c4 15. Bb1 Bd7 16. g4 Nh6 17. Qh4 Neg8 18. Ng5 Ba4 19. Nxh7 Kxh7 20. g5 Ne7 21. gxh6 Bh8 22. Kh1 Qd8 23. Qh3 Bd7 24. Be1 f5 25. exf6 Bxf6 26. Bd2 Nf5 27. Ng1 Kh8 28. Bxf5 exf5 29. Nf3 Re8 30. Rce1 Re4 31. Rg1 Qe8 32. Ne5 Bxe5 33. fxe5 Qe6 34. Ref1 Rf8 35. Bf4 Rg8 36. Qg3 Re2 37. Rf2 Rxf2 38. Qxf2 Ba4 39. h4 Be8 40. Qg3 g5 41. Bxg5 Bh5 42. Qf4 Qg6 43. Re1 Qe6 44. Kh2 a5 45. Rg1 Bg4 46. Bf6+ Kh7 47. Bg5 Re8 48. Qf2 Rb8 49. Qc2 Bh5 50. Bf6 Rg8 51. Rg7+ Rxg7 52. hxg7 b5 53. Qd2 Qf7 54. Qg5 Bg6 55. Kg3 f4+ 56. Kxf4 b4 57. Qg4 bxa3 58. bxa3 Bh5 1-0

[Event "World Amateur-ch"]
[Site "Iasi"]
[Date "2013.04.26"]
[Round "5"]
[White "Martian, Fanase"]
[Black "Ang, Alphaeus Wei Ern"]
[Result "0-1"]
[WhiteElo "1951"]
[BlackElo "1853"]
[PlyCount "96"]
[EventDate "2013.04.22"]
[EventType "swiss"]
[EventRounds "9"]
[EventCountry "ROU"]
[SourceTitle "CBM 154 Extra"]
[Source "ChessBase"]
[SourceDate "2013.06.25"]
[SourceVersion "2"]
[SourceVersionDate "2013.06.25"]
[SourceQuality "1"]

1. e4 Nc6 2. d4 d5 3. e5 Bf5 4. Nf3 a6 5. Be2 e6 6. 0-0 Qd7 7. c3 f6 8. Be3 fxe5 9. dxe5 Nge7 10. Bd4 Ng6 11. Re1 Be7 12. Nbd2 0-0 13. Nf1 Nd8 14. b4 b6 15. Ng3 c5 16. bxc5 bxc5 17. Be3 Bg4 18. Ng5 Bxe2 19. Qxe2 Nxe5 20. Nxh7 Kxh7 21. Qh5+ Kg8 22. Qxe5 Bf6 23. Qh5 Bxc3 24. Bxc5 Rf6 25. Rad1 Rh6 26. Qg4 Bxe1 27. Rxe1 Rc8 28. Be3 Rc4 29. Qe2 Kh8 30. Rd1 Qf7 31. Nf1 Qh5 32. f3 Nc6 33. Bf2 Qe5 34. Qd3 Rh5 35. Qg6 Rh6 36. Qe8+ Kh7 37. Bg3 Qb2 38. Ne3 Rc1 39. Rf1 Rxf1+ 40. Nxf1 Nb4 41. Qd7 Nd3 42. Qa4 Qb6+ 43. Kh1 Nf2+ 44. Bxf2 Qxf2 45. Qd1 d4 46. Qd3+ Rg6 47. g3 e5 48. h4 e4 0-1